| 000 | 01281nam a22002177a 4500 | ||
|---|---|---|---|
| 999 |
_c514 _d514 |
||
| 005 | 20190819151333.0 | ||
| 008 | 190819b ||||| |||| 00| 0 eng d | ||
| 020 | _a9781786540058 | ||
| 040 | _cKH8 | ||
| 082 | _aFIC CLA | ||
| 100 | _aClarke, Cat | ||
| 245 |
_aWe are young / _cCat Clarke |
||
| 260 |
_aLondon : _bQuercus, a division of Hodder and Stoughton, _c [2018] ©2018 |
||
| 300 |
_a355 pages ; _c20 cm. |
||
| 520 | _a On the same night Evan's mother marries local radio DJ 'Breakfast Tim', Evan's brand-new step-brother Lewis is found unconscious and terribly injured, the only survivor of a horrific car crash. A media furore erupts, with the finger of blame pointed firmly at stoner, loner Lewis. Everyone else seems to think the crash was drugs-related, but Evan isn't buying it. With the help of her journalist father, Harry, she decides to find out what really happened that night. As Evan delves deeper into the lives of the three teenagers who died in the crash, she uncovers some disturbing truths and a secret that threatens to tear her family - and the community - apart for ever... | ||
| 650 |
_aDrugs _vTeen fiction. |
||
| 650 |
_aGay teenagers _vTeen fiction. |
||
| 650 |
_aDeath _vTeen fiction. |
||
| 650 |
_aSuicide _vTeen fiction. |
||
| 942 |
_2ddc _cFIC |
||